[Event "Women's Speed Chess Q2"]
[Site "chess.com INT"]
[Date "2020.06.19"]
[Round "10"]
[White "Hernandez Bonilla, Amelia"]
[Black "Thipsay, Bagyashree Sathe"]
[Result "0-1"]
[WhiteTitle "WFM"]
[BlackTitle "WIM"]
[WhiteElo "2016"]
[BlackElo "2072"]
[WhiteFideId "3900193"]
[BlackFideId "5001013"]
[EventDate "2020.06.19"]

1. d4 d5 2. Nf3 Nf6 3. e3 e6 4. Bd3 c5 5. c3 Nc6 6. Nbd2 Bd6 7. O-O O-O 8. Qe2
e5 9. dxc5 Bxc5 10. e4 Re8 11. exd5 Nxd5 12. Ne4 Bf8 13. Rd1 Qc7 14. Neg5 Nf6
15. Qc2 h6 16. Ne4 Nxe4 17. Bxe4 Bg4 18. h3 Be6 19. Re1 Bd6 20. b3 Rac8 21. Bb2
Ne7 22. Qe2 f5 23. Bc2 e4 24. Nd4 Bd7 25. b4 a6 26. Qh5 Rf8 27. Bb3+ Kh7 28.
Rad1 Be8 29. Qe2 Bg6 30. Ne6 Qc6 31. Nxf8+ Rxf8 32. a3 Bb8 33. c4 Qc7 34. g3 f4
35. Qd2 e3 36. Qd7 exf2+ 37. Kxf2 fxg3+ 0-1

[Event "Women's Speed Chess Q2"]
[Site "chess.com INT"]
[Date "2020.06.19"]
[Round "10"]
[White "Schulze, Lara"]
[Black "Golubenko, Valentina"]
[Result "1-0"]
[WhiteTitle "FM"]
[BlackTitle "WGM"]
[WhiteElo "2314"]
[BlackElo "2209"]
[WhiteFideId "12956830"]
[BlackFideId "4501993"]
[EventDate "2020.06.19"]

1. e4 g6 2. d4 Bg7 3. Nf3 c5 4. d5 d6 5. Nc3 f5 6. exf5 Bxf5 7. Be2 Nf6 8. O-O
O-O 9. Re1 Nbd7 10. Nh4 Ne4 11. Nxe4 Bxe4 12. Bg4 Bf5 13. Bxf5 gxf5 14. Qe2 Ne5
15. Nf3 Qd7 16. c3 b5 17. Bf4 Nxf3+ 18. Qxf3 Rae8 19. Re2 Kh8 20. Rae1 Bf6 21.
Re6 b4 22. Bh6 Rg8 23. Qxf5 bxc3 24. bxc3 Bxc3 25. R1e3 Bd4 26. Rh3 Rb8 27. g3
Rg6 28. Rf6 Qxf5 29. Rxf5 Rb2 30. Be3 Bxe3 31. fxe3 Rf6 32. Rfh5 Rf7 33. a4 Rbf2
34. R3h4 Rf1+ 35. Kg2 R1f2+ 36. Kh3 Re2 37. Re4 Rc2 38. Rh6 c4 39. Rhe6 Rff2 40.
Rxe7 h5 41. Kh4 Rxh2+ 42. Kg5 Rcg2 43. Kh6 Rxg3 44. Rh7+ Kg8 45. Re8# 1-0

[Event "Women's Speed Chess Q2"]
[Site "chess.com INT"]
[Date "2020.06.19"]
[Round "10"]
[White "Sliwicka, Alicja"]
[Black "Keetman, Maaike"]
[Result "1-0"]
[WhiteTitle "WIM"]
[BlackTitle "WFM"]
[WhiteElo "2317"]
[BlackElo "2169"]
[WhiteFideId "1150677"]
[BlackFideId "1033697"]
[EventDate "2020.06.19"]

1. e4 e6 2. d4 d5 3. Nc3 Bb4 4. Qd3 dxe4 5. Qxe4 Nf6 6. Qh4 Nc6 7. Nf3 Nd5 8.
Qxd8+ Nxd8 9. Bd2 Nxc3 10. bxc3 Bd6 11. Bd3 b6 12. a4 a5 13. Ng5 Bb7 14. f3 h6
15. Ne4 Be7 16. c4 Nc6 17. c3 O-O 18. Bf4 Rac8 19. Rb1 Ba6 20. Kf2 Rfd8 21. g4
e5 22. Be3 exd4 23. cxd4 Nxd4 24. Rhd1 Ne6 25. f4 Bb4 26. g5 hxg5 27. fxg5 Bb7
28. Bc2 Be7 29. Rg1 Bc6 30. h4 Nd4 31. Bd3 Bxa4 32. g6 f5 33. Ng5 Bc5 34. Nf7
Re8 35. Rbe1 f4 36. Bxd4 Bxd4+ 37. Kf3 Bxg1 38. Rxg1 Re3+ 39. Kxf4 Rxd3 40. h5
Be8 41. Ne5 Rd4+ 42. Kg5 Rcd8 43. h6 gxh6+ 44. Kxh6 Rh4+ 45. Kg5 Rh2 46. Ng4 Rc2
47. Nf6+ Kg7 48. Nh5+ Kh8 49. Rh1 Rg2+ 50. Kf6 Rxg6+ 51. Ke7 Rdd6 52. Nf6+ Kg7
53. Rh7# 1-0

[Event "Women's Speed Chess Q2"]
[Site "chess.com INT"]
[Date "2020.06.19"]
[Round "10"]
[White "Doluhanova, Evgeniya"]
[Black "Rivera, Ingris"]
[Result "0-1"]
[WhiteTitle "WGM"]
[BlackTitle "WIM"]
[WhiteElo "2229"]
[BlackElo "2249"]
[WhiteFideId "14112035"]
[BlackFideId "4402472"]
[EventDate "2020.06.19"]

1. e4 c5 2. Nf3 d6 3. d4 cxd4 4. Nxd4 Nf6 5. Nc3 a6 6. a4 e5 7. Nb3 Be7 8. Bg5
Nbd7 9. Nd2 O-O 10. Nc4 Qc7 11. Ne3 Qa5 12. Bd3 h6 13. Bh4 Nc5 14. Bxf6 Bxf6 15.
O-O Ne6 16. Ncd5 Bg5 17. Nf5 Qd8 18. a5 g6 19. Nfe3 Nf4 20. Nb6 Rb8 21. Bc4 Be6
22. g3 Nh3+ 23. Kg2 Bxe3 24. fxe3 Ng5 25. Qd3 Bh3+ 26. Kg1 Bxf1 27. Rxf1 Qe7 28.
Nd5 Qd8 29. Nf6+ Kg7 30. h4 Nh7 31. Nxh7 Kxh7 32. Bxf7 Qe7 33. Bd5 Rxf1+ 34.
Qxf1 Rf8 35. Qc4 Qd7 36. Kg2 Qg4 37. Qc7+ Kh8 38. Bc6 Qe2+ 0-1

[Event "Women's Speed Chess Q2"]
[Site "chess.com INT"]
[Date "2020.06.19"]
[Round "10"]
[White "Khotenashvili, Bela"]
[Black "Toncheva, Nadya"]
[Result "1/2-1/2"]
[WhiteTitle "GM"]
[BlackTitle "WFM"]
[WhiteElo "2458"]
[BlackElo "2064"]
[WhiteFideId "13602640"]
[BlackFideId "2924056"]
[EventDate "2020.06.19"]

1. d4 d5 2. c4 dxc4 3. e4 e5 4. Nf3 Bb4+ 5. Bd2 Bxd2+ 6. Nbxd2 exd4 7. Bxc4 Ne7
8. Qb3 O-O 9. Ne5 Qe8 10. O-O Nbc6 11. Ndf3 Nxe5 12. Nxe5 Nc6 13. Nxc6 Qxc6 14.
Bd5 Qb6 15. Rfd1 c6 16. Bc4 Qxb3 17. axb3 Rd8 18. b4 b6 19. f3 Be6 20. b3 Kf8
21. Kf2 Ke7 22. Ke2 a5 23. bxa5 Rxa5 24. Rxa5 bxa5 25. Kd3 c5 26. Ra1 Ra8 27. f4
Kd6 28. e5+ Kc6 29. h3 h6 30. g4 Bxc4+ 31. Kxc4 Ra7 32. f5 Kb6 33. Kd5 Rd7+ 34.
Kc4 d3 35. Rd1 d2 36. e6 fxe6 37. fxe6 Re7 38. Rxd2 Rxe6 39. Rd7 g6 40. Rh7 g5
41. Kd5 Rf6 42. Ke5 Rc6 43. Kd5 Rf6 44. Ke5 Rc6 45. Kd5 Rf6 1/2-1/2

[Event "Women's Speed Chess Q2"]
[Site "chess.com INT"]
[Date "2020.06.19"]
[Round "10"]
[White "Mrudul, Dehankar"]
[Black "Babiy, Olga"]
[Result "0-1"]
[WhiteTitle "WIM"]
[BlackTitle "WGM"]
[WhiteElo "2256"]
[BlackElo "2228"]
[WhiteFideId "25096990"]
[BlackFideId "14117258"]
[EventDate "2020.06.19"]

1. e4 c6 2. d4 d5 3. Nd2 dxe4 4. Nxe4 Nf6 5. Nxf6+ exf6 6. Nf3 Bd6 7. Be3 O-O 8.
Qd2 Nd7 9. Bd3 Re8 10. O-O-O b5 11. g4 Nb6 12. g5 f5 13. Bf4 Be6 14. Kb1 Bxf4
15. Qxf4 Nd5 16. Qd2 a5 17. h4 Nb4 18. a3 Qd5 19. b3 Nxc2 20. Qxc2 Qxf3 21. Rhe1
a4 22. bxa4 bxa4 23. Re3 Rab8+ 24. Ka1 Qd5 25. Be2 f4 26. Rc3 Bf5 27. Qd2 Rb3
28. Bc4 Rxa3+ 29. Kb2 Rb3+ 30. Bxb3 axb3 31. Rc5 Qd7 32. d5 Qd6 33. Rxc6 Qe5+
34. Qc3 Qe2+ 35. Rd2 Qe1 0-1

[Event "Women's Speed Chess Q2"]
[Site "chess.com INT"]
[Date "2020.06.19"]
[Round "10"]
[White "Castillo Pena, Patricia Evarista"]
[Black "Soumya, Swaminathan"]
[Result "0-1"]
[WhiteTitle "WCM"]
[BlackTitle "IM"]
[WhiteElo "1770"]
[BlackElo "2351"]
[WhiteFideId "6412106"]
[BlackFideId "5016193"]
[EventDate "2020.06.19"]

1. d4 d5 2. Nf3 Nf6 3. e3 g6 4. Bd3 Bg7 5. b3 c5 6. Bb2 Nc6 7. O-O b6 8. Ne5 Bb7
9. f4 Rc8 10. Nd2 O-O 11. a3 Nd7 12. Qe2 Ndxe5 13. fxe5 f6 14. exf6 exf6 15.
Rae1 f5 16. c3 Re8 17. Qf2 Rc7 18. Kh1 Rce7 19. Bb5 Bh6 20. e4 fxe4 21. Nb1 Rf8
22. Qh4 Bg7 23. dxc5 bxc5 24. Bc1 Ref7 25. Qxd8 Nxd8 26. Bg5 Ne6 27. Bh4 a6 28.
Be2 d4 29. cxd4 cxd4 30. Rxf7 Rxf7 31. Bc4 Bc8 32. Kg1 e3 33. a4 Kf8 34. Na3 Rc7
35. Nc2 Nf4 36. Bg3 g5 37. Bxf4 gxf4 38. Re2 Rxc4 39. bxc4 d3 40. Nxe3 fxe3 41.
Rxe3 Bd4 42. Kf2 d2 43. Ke2 Bxe3 44. Kxe3 0-1

[Event "Women's Speed Chess Q2"]
[Site "chess.com INT"]
[Date "2020.06.19"]
[Round "10"]
[White "Mkrtchian, Lilit"]
[Black "Padmini, Rout"]
[Result "1-0"]
[WhiteTitle "IM"]
[BlackTitle "IM"]
[WhiteElo "2388"]
[BlackElo "2370"]
[WhiteFideId "13300601"]
[BlackFideId "5029295"]
[EventDate "2020.06.19"]

1. d4 Nf6 2. c4 e6 3. Nf3 d5 4. Nc3 c5 5. e3 a6 6. cxd5 exd5 7. g3 c4 8. Bg2 b5
9. Ne5 Bb7 10. O-O Nbd7 11. a3 Bd6 12. f4 O-O 13. Qc2 Qe7 14. Bd2 Nb6 15. Rae1
b4 16. axb4 Bxb4 17. g4 a5 18. g5 Nfd7 19. Qf5 Nxe5 20. fxe5 Bc8 21. Qf4 Be6 22.
h4 Rfb8 23. Rf2 Bxc3 24. Bxc3 Na4 25. e4 Qd7 26. exd5 Bxd5 27. Bxd5 Qxd5 28. e6
fxe6 29. Qf7+ Kh8 30. Rxe6 Nxc3 31. bxc3 Rb1+ 32. Rf1 Rxf1+ 33. Kxf1 Qh1+ 34.
Ke2 Qg2+ 35. Kd1 Qg1+ 36. Kd2 Qg2+ 37. Kd1 Qg4+ 38. Kd2 Rg8 39. Re8 Qg2+ 40. Kc1
Qh1+ 41. Kb2 Qg2+ 42. Ka3 1-0

[Event "Women's Speed Chess Q2"]
[Site "chess.com INT"]
[Date "2020.06.19"]
[Round "10"]
[White "Dzagnidze, Nana"]
[Black "Gaponenko, Inna"]
[Result "1-0"]
[WhiteTitle "GM"]
[BlackTitle "IM"]
[WhiteElo "2524"]
[BlackElo "2396"]
[WhiteFideId "13601903"]
[BlackFideId "14101181"]
[EventDate "2020.06.19"]

1. d4 g6 2. e4 Bg7 3. Nf3 d6 4. Nc3 Nf6 5. h3 a6 6. Be3 b5 7. a3 Bb7 8. Bd3 O-O
9. O-O Nbd7 10. Re1 e6 11. Qd2 Qe7 12. Bh6 c5 13. Bxg7 Kxg7 14. e5 dxe5 15. dxe5
Nd5 16. Ne4 c4 17. Bf1 Nc5 18. Nd6 Bc6 19. Nd4 Bb7 20. g3 Rad8 21. Bg2 Ba8 22.
b3 cxb3 23. cxb3 Kg8 24. Rac1 Nd7 25. f4 f6 26. Nc6 Bxc6 27. Rxc6 fxe5 28. Bxd5
exd5 29. Qxd5+ Kh8 30. fxe5 Nf6 31. Qd4 Nh5 32. Kh2 Qg5 33. Rc3 Kg8 34. Qd5+ Kh8
35. Qd4 Kg8 36. Re2 Rf1 37. Qd5+ Kh8 38. Nf7+ Rxf7 39. Qxf7 Ng7 40. Rc7 Rg8 41.
Qf6 Qh5 42. Rf2 Qd1 43. e6 Qd6 44. Rf7 Qxe6 45. Rxg7 Qxf6 46. Rxg8+ Kxg8 47.
Rxf6 1-0

[Event "Women's Speed Chess Q2"]
[Site "chess.com INT"]
[Date "2020.06.19"]
[Round "10"]
[White "Tokhirjonova, Gulrukhbegim"]
[Black "Solozhenkina, Elizaveta"]
[Result "1-0"]
[WhiteTitle "WGM"]
[BlackTitle "WIM"]
[WhiteElo "2378"]
[BlackElo "2301"]
[WhiteFideId "14203626"]
[BlackFideId "34106615"]
[EventDate "2020.06.19"]

1. e4 c6 2. Nf3 d5 3. Nc3 Bg4 4. h3 Bxf3 5. Qxf3 e6 6. d4 dxe4 7. Nxe4 Qxd4 8.
Bd3 Qd8 9. Bf4 Nf6 10. O-O-O Nd5 11. Bg3 Be7 12. Kb1 O-O 13. h4 Qb6 14. c4 Nb4
15. Be2 f5 16. Ng5 Bf6 17. Qb3 Re8 18. c5 Qa5 19. Nxe6 Kh8 20. Bc4 N8a6 21. Bd6
b5 22. cxb6 axb6 23. a3 b5 24. Bxb4 bxc4 25. Bxa5 cxb3 26. Nf4 Re2 27. Nxe2 Nc5
28. Nc3 Rxa5 29. Rhe1 h6 30. g3 Kh7 31. Re2 Ra8 32. Kc1 Rf8 33. Kd2 f4 34. gxf4
Rd8+ 35. Kc1 Ra8 36. Kb1 Rb8 37. Rc1 Bxh4 38. Ne4 Na4 39. Nc5 Nxc5 40. Rxc5 Bf6
41. Rxc6 Rd8 42. Rc1 Rd3 43. Re3 Rd2 44. Rxb3 Rxf2 45. Rb4 h5 46. a4 h4 47. a5
h3 48. a6 Re2 49. a7 Re8 50. Rb8 1-0

[Event "Women's Speed Chess Q2"]
[Site "chess.com INT"]
[Date "2020.06.19"]
[Round "10"]
[White "Eswaran, Aksithi"]
[Black "Zvereva, Margarita"]
[Result "1-0"]
[WhiteTitle "WCM"]
[BlackTitle "WFM"]
[WhiteElo "1745"]
[BlackElo "1929"]
[WhiteFideId "2083485"]
[BlackFideId "34177741"]
[EventDate "2020.06.19"]

1. e4 c5 2. Nf3 d6 3. d4 cxd4 4. Nxd4 Nf6 5. Nc3 a6 6. f3 e5 7. Nb3 Be7 8. Be3
Be6 9. Qd2 O-O 10. O-O-O Nbd7 11. g4 b5 12. h4 b4 13. Nb1 a5 14. Qd3 a4 15. N3d2
Bxa2 16. h5 a3 17. b3 Rc8 18. g5 Ne8 19. g6 Bxb1 20. Kxb1 Rc3 21. Qe2 Bg5 22.
Bxg5 Qxg5 23. gxf7+ Rxf7 24. Nc4 Rcxf3 25. Nxd6 Nxd6 26. Rxd6 Qg4 27. Qd1 Qf4
28. Bc4 Nf8 29. Bxf7+ Kxf7 30. Rd2 Ne6 31. Rd7+ Kf6 32. Rd6 Qxe4 33. Rf1 Rxf1
34. Qxf1+ Ke7 35. Rb6 Qd4 36. Rb7+ Kd6 37. Qa6+ Kc5 38. Rb5# 1-0

[Event "Women's Speed Chess Q2"]
[Site "chess.com INT"]
[Date "2020.06.19"]
[Round "10"]
[White "Pham, Le Thao Nguyen"]
[Black "Vaishali, R"]
[Result "1-0"]
[WhiteTitle "IM"]
[BlackTitle "WGM"]
[WhiteElo "2366"]
[BlackElo "2393"]
[WhiteFideId "12401226"]
[BlackFideId "5091756"]
[EventDate "2020.06.19"]

1. d4 Nf6 2. Nf3 g6 3. g3 Bg7 4. Bg2 d5 5. O-O O-O 6. c4 c6 7. Qb3 Qb6 8. Nc3
Rd8 9. c5 Qxb3 10. axb3 Nbd7 11. b4 Re8 12. Bf4 Nh5 13. Bc7 e5 14. e3 e4 15. Nd2
Nf8 16. b5 Ne6 17. Bd6 Bd7 18. bxc6 Bxc6 19. b4 a6 20. Ra5 Bf8 21. Bxf8 Nxf8 22.
Rfa1 Rab8 23. Bf1 Ne6 24. b5 axb5 25. Bxb5 Nc7 26. Be2 Ng7 27. Ra7 Nf5 28. Nb3
Ra8 29. Rxa8 Rxa8 30. Rxa8+ Nxa8 31. Nb5 Ne7 32. Na5 Kf8 33. Nd6 Nc7 34. Naxb7
Bxb7 35. Nxb7 Nc6 36. Nd6 Ke7 37. Kf1 f6 38. Nb5 Nxb5 39. Bxb5 Nb4 40. Ke2 Kd8
41. Kd2 Kc7 42. Kc3 Na2+ 43. Kb3 Nc1+ 44. Kb2 Nd3+ 45. Bxd3 exd3 46. Kc3 Kc6 47.
Kxd3 h5 48. e4 f5 49. e5 g5 50. h4 g4 51. Ke3 1-0

[Event "Women's Speed Chess Q2"]
[Site "chess.com INT"]
[Date "2020.06.19"]
[Round "10"]
[White "Dauletova, Gulmira"]
[Black "Khalafova, Narmin"]
[Result "1-0"]
[WhiteTitle "WIM"]
[BlackTitle "WGM"]
[WhiteElo "2319"]
[BlackElo "2279"]
[WhiteFideId "13702971"]
[BlackFideId "13402625"]
[EventDate "2020.06.19"]

1. e4 c5 2. Nf3 d6 3. d4 Nf6 4. Nc3 cxd4 5. Nxd4 a6 6. g3 e5 7. Nde2 Be7 8. Bg2
O-O 9. O-O Be6 10. Be3 Nbd7 11. a4 Rc8 12. h3 Qc7 13. g4 h6 14. Qd2 Bc4 15. Rfe1
Bxe2 16. Rxe2 Nb6 17. Qd3 Rfd8 18. Bc1 Nc4 19. b3 Na5 20. Bb2 Nc6 21. Rd2 Nb4
22. Qg3 Qc6 23. Rad1 Kh7 24. h4 Kg8 25. Bf3 b5 26. axb5 axb5 27. g5 hxg5 28.
hxg5 Nh7 29. g6 Nf6 30. Nd5 Nbxd5 31. exd5 Qd7 32. Be2 fxg6 33. Qxg6 Qe8 34. Qg3
Kf7 35. Bd3 Kf8 36. Bf5 Rb8 37. Be6 Qh5 38. Rd3 Qh6 39. Rf3 e4 40. Rf5 Ke8 41.
Re1 Rb6 42. Bxf6 Bxf6 43. Rxe4 Kf8 44. Ref4 b4 45. Rg4 Rb7 46. Rg6 Qc1+ 47. Kg2
Qxc2 48. Rfxf6+ gxf6 49. Rg8+ Ke7 50. Qg7# 1-0

[Event "Women's Speed Chess Q2"]
[Site "chess.com INT"]
[Date "2020.06.19"]
[Round "10"]
[White "Yu, Jennifer"]
[Black "Sebag, Marie"]
[Result "0-1"]
[WhiteTitle "FM"]
[BlackTitle "GM"]
[WhiteElo "2315"]
[BlackElo "2438"]
[WhiteFideId "2078341"]
[BlackFideId "617822"]
[EventDate "2020.06.19"]

1. d4 d5 2. c4 c6 3. Nf3 Nf6 4. e3 Bf5 5. Nc3 e6 6. Nh4 Bg6 7. Bd2 Nbd7 8. cxd5
exd5 9. Nxg6 hxg6 10. Bd3 Bd6 11. h3 Qe7 12. Qb3 Rb8 13. O-O-O b5 14. Kb1 a5 15.
Ne2 Nb6 16. Bxa5 Nc4 17. Be1 O-O 18. g4 Ra8 19. g5 Nh5 20. h4 Ra6 21. Nc1 Rfa8
22. Qc2 Qa7 23. Qb3 Rb8 24. Rh3 Ra4 25. f4 Qe7 26. Be2 Rba8 27. Qd3 Qa7 28. Qb3
Qd7 29. Rf3 Qf5+ 30. Qd3 Qe6 31. f5 gxf5 32. Rxf5 Nxe3 33. Re5 Bxe5 34. Qxe3 Nf4
35. Qxe5 Qg6+ 36. Bd3 Nxd3 37. Rxd3 Rxa2 38. Kc2 Ra1 39. Qe2 b4 40. Bxb4 Rb8 41.
Bc3 Qf5 42. Nb3 Rh1 43. Nc5 Qf4 44. Rf3 Qd6 45. Rf2 Rxh4 46. Qf3 Qg6+ 47. Kd2
Rh5 48. Qf5 Rxg5 49. Qxg6 Rxg6 50. Nd7 Rd8 51. Ne5 Re6 0-1

[Event "Women's Speed Chess Q2"]
[Site "chess.com INT"]
[Date "2020.06.19"]
[Round "10"]
[White "Sviridova, Vlada"]
[Black "Arakhamia-Grant, Ketevan"]
[Result "0-1"]
[WhiteTitle "WFM"]
[BlackTitle "GM"]
[WhiteElo "2144"]
[BlackElo "2380"]
[WhiteFideId "24109606"]
[BlackFideId "13600168"]
[EventDate "2020.06.19"]

1. d4 Nf6 2. c4 g6 3. Nc3 Bg7 4. e4 d6 5. Nf3 O-O 6. Be2 e5 7. O-O Nc6 8. d5 Ne7
9. Ne1 Nd7 10. Be3 f5 11. f3 f4 12. Bf2 g5 13. Nd3 h5 14. c5 Ng6 15. Rc1 Nf6 16.
cxd6 cxd6 17. Nb5 Rf7 18. Qc2 Ne8 19. Nxa7 Bd7 20. a4 g4 21. Nb5 Qg5 22. Kh1 g3
23. Bg1 Nh4 24. Bd1 gxh2 25. Bxh2 Rxa4 26. Nc3 Rd4 27. Ne1 Bh6 28. Rg1 Rg7 29.
Ne2 Ra4 30. Qd2 Qd8 31. Bxa4 Bxa4 32. Qb4 Bd7 33. Ra1 Bg5 34. Nc3 Bf6 35. Ra7
Bc8 36. Na4 Nc7 37. Nb6 Na6 38. Qb5 Nc7 39. Qb3 Ng6 40. Nxc8 Qxc8 41. Rxb7 Kh7
42. Qb6 Bh4 43. g3 fxg3 44. Rxc7 Rxc7 45. Qxd6 Rg7 46. Bxg3 Qh3+ 47. Bh2 Bxe1
48. Rg2 Qxf3 49. Qe6 Nh4 50. Qxe5 Qxg2# 0-1

[Event "Women's Speed Chess Q2"]
[Site "chess.com INT"]
[Date "2020.06.19"]
[Round "10"]
[White "Sucikova, Svetlana"]
[Black "Fominykh, Maria"]
[Result "0-1"]
[WhiteTitle "WFM"]
[BlackTitle "WGM"]
[WhiteElo "2171"]
[BlackElo "2206"]
[WhiteFideId "14923653"]
[BlackFideId "4142411"]
[EventDate "2020.06.19"]

1. Nf3 d6 2. d4 Nf6 3. c4 g6 4. Nc3 Bg7 5. g3 O-O 6. Bg2 Nbd7 7. e4 e5 8. d5 a5
9. O-O b6 10. h3 Nc5 11. Re1 a4 12. Kh2 Bd7 13. Bg5 h6 14. Bc1 Nh7 15. Nh4 Qe8
16. Rb1 f5 17. b4 axb3 18. axb3 f4 19. b4 Na4 20. Nxa4 Rxa4 21. c5 fxg3+ 22.
fxg3 Rf2 23. Re2 Ra2 24. Rxa2 Rxa2 25. Qb3 Rf2 26. Be3 Rf8 27. cxb6 cxb6 28.
Bxb6 g5 29. Nf5 Bxf5 30. exf5 Rxf5 31. Bg1 e4 32. b5 Nf6 33. b6 Nd7 34. b7 Nb8
35. Rc1 Rf8 36. Rc8 Qe7 37. Rxf8+ Bxf8 38. Qb6 Bg7 39. Qa7 Qe8 40. Qa8 Kf8 41.
Ba7 e3 42. Qxb8 e2 43. Qxd6+ Kg8 44. b8=Q e1=Q 45. Qxe8+ Qxe8 46. Qe6+ Qxe6 47.
dxe6 Bf6 0-1

[Event "Women's Speed Chess Q2"]
[Site "chess.com INT"]
[Date "2020.06.19"]
[Round "10"]
[White "Michelle Catherina, P"]
[Black "Kabanova, Ekaterina"]
[Result "0-1"]
[WhiteTitle "WIM"]
[BlackTitle "WFM"]
[WhiteElo "2176"]
[BlackElo "2138"]
[WhiteFideId "5005736"]
[BlackFideId "24112917"]
[EventDate "2020.06.19"]

1. e4 c5 2. Nf3 e6 3. d4 cxd4 4. Nxd4 a6 5. c4 Qc7 6. Nc3 b6 7. a3 d6 8. Be3 Bb7
9. Rc1 Nd7 10. Be2 Ngf6 11. f3 Be7 12. O-O Rd8 13. Qd2 O-O 14. Rfd1 Qb8 15. b4
Rfe8 16. Nb3 Rc8 17. Na4 Qc7 18. Qe1 Bc6 19. Nb2 Bb7 20. Qf2 Qb8 21. Na4 b5 22.
cxb5 axb5 23. Bxb5 Rxc1 24. Rxc1 Rc8 25. Rxc8+ Qxc8 26. Qd2 h6 27. Na5 Ba8 28.
Nc3 Ne5 29. Bf1 d5 30. exd5 Nxd5 31. Nxd5 Bxd5 32. Qd4 Nc6 33. Nxc6 Bxc6 34. b5
Bb7 35. a4 Bf6 36. Qb6 Bd8 37. Qc5 Qa8 38. Qd4 Bf6 39. Qb4 Bd8 40. b6 g5 41. a5
Bf6 42. Qb5 Bc6 43. Qc5 g4 44. a6 gxf3 45. b7 Bxb7 46. axb7 Qxb7 47. Bxh6 Qd7
48. Be3 fxg2 49. Bxg2 Qd1+ 50. Kf2 Bh4# 0-1

[Event "Women's Speed Chess Q2"]
[Site "chess.com INT"]
[Date "2020.06.19"]
[Round "10"]
[White "Cori T., Deysi"]
[Black "Antolak, Julia"]
[Result "1-0"]
[WhiteTitle "WGM"]
[BlackTitle "WIM"]
[WhiteElo "2388"]
[BlackElo "2323"]
[WhiteFideId "3801934"]
[BlackFideId "1159569"]
[EventDate "2020.06.19"]

1. d4 Nf6 2. Nf3 g6 3. g3 Bg7 4. Bg2 O-O 5. O-O d6 6. b3 c6 7. Bb2 Qc7 8. Nbd2
b5 9. a4 Bb7 10. e4 a6 11. Re1 e6 12. e5 dxe5 13. dxe5 Nd5 14. Ne4 Nd7 15. Nd6
b4 16. Qe2 a5 17. Rad1 Ba6 18. Qe4 Rad8 19. Qh4 Nxe5 20. Bxe5 Bxe5 21. Rxe5 Qxd6
22. Ng5 h5 23. Rde1 Nf6 24. Nxe6 fxe6 25. Qg5 Kg7 26. h3 Rde8 27. Rxa5 Bc8 28.
Rae5 Nd5 29. Be4 Rf6 30. Bd3 Ref8 31. R1e2 Nc3 32. R2e3 Nd5 33. Rf3 Ne7 34. Rxf6
Rxf6 35. Qe3 Nd5 36. Qg5 Qf8 37. Re2 Qf7 38. Qe5 Kg8 39. Rd2 Bd7 40. Qd4 Qf8 41.
Be4 Qe7 42. Qe5 Kg7 43. g4 hxg4 44. hxg4 Kg8 45. f3 Qg7 46. Rh2 Rf8 47. Qd6 Qd4+
48. Rf2 Qd1+ 49. Kh2 Qd2 50. Rxd2 Nf4 51. Qxd7 Rf7 52. Qd6 Rh7+ 53. Kg3 Nh5+ 54.
Kf2 Nf6 55. Ke3 1-0

[Event "Women's Speed Chess Q2"]
[Site "chess.com INT"]
[Date "2020.06.19"]
[Round "10"]
[White "Jakubowska, Anna"]
[Black "Alboredo, Julia"]
[Result "1-0"]
[WhiteTitle "WIM"]
[BlackTitle "WFM"]
[WhiteElo "2073"]
[BlackElo "2182"]
[WhiteFideId "1121952"]
[BlackFideId "2124807"]
[EventDate "2020.06.19"]

1. e4 c5 2. Nc3 Nc6 3. g3 g6 4. Bg2 Bg7 5. d3 d6 6. Be3 Rb8 7. Qd2 e6 8. h4 Nd4
9. Nd1 b5 10. c3 Nc6 11. Ne2 e5 12. d4 cxd4 13. cxd4 Qa5 14. d5 Qxd2+ 15. Bxd2
Nd4 16. Nxd4 exd4 17. f4 Ne7 18. Nf2 O-O 19. O-O f5 20. Bb4 fxe4 21. Bxd6 Rb7
22. Nxe4 Rd7 23. Bc5 Rfd8 24. d6 Nf5 25. Bh3 Bb7 26. Ng5 Rc8 27. b4 d3 28. Rad1
h6 29. Ne6 Be4 30. Nxg7 Kxg7 31. Rfe1 Re8 32. Rxd3 Rf7 33. Bxf5 gxf5 34. Rdd1
Rd8 35. Kf2 Kf6 36. Bd4+ Ke6 37. Be5 Rb7 38. Rc1 a5 39. bxa5 Ra7 40. Rc7 Rxa5
41. Re7+ Kd5 42. Rd1+ Kc4 43. Rc7+ Kb4 44. Bc3+ Ka4 45. Bxa5 Kxa5 46. d7 Bc2 47.
Rd2 Ba4 48. Rc8 Rxd7 49. Rxd7 b4 50. Rb7 Ka6 51. Rcc7 Bd1 52. Ra7+ Kb6 53. Ke1
Bf3 54. Kf2 Be4 55. Rh7 Kb5 56. Rae7 Kc4 57. Rc7+ Kd4 58. Rxh6 Bd5 59. Rd6 Ke4
60. Rxd5 Kxd5 61. Rb7 1-0

[Event "Women's Speed Chess Q2"]
[Site "chess.com INT"]
[Date "2020.06.19"]
[Round "10"]
[White "Batsiashvili, Nino"]
[Black "Enkhtuul, Altan-Ulzii"]
[Result "0-1"]
[WhiteTitle "GM"]
[BlackTitle "WGM"]
[WhiteElo "2457"]
[BlackElo "2228"]
[WhiteFideId "13602993"]
[BlackFideId "4901444"]
[EventDate "2020.06.19"]

1. d4 Nf6 2. Nf3 g6 3. g3 Bg7 4. Bg2 O-O 5. O-O d5 6. b3 c6 7. Bb2 Bg4 8. c4
Nbd7 9. Nc3 Re8 10. Rc1 Bxf3 11. Bxf3 e5 12. cxd5 e4 13. Bg2 cxd5 14. a4 a6 15.
Ba3 Nf8 16. e3 Ne6 17. Ne2 h5 18. Nf4 Nxf4 19. exf4 Qd7 20. Qd2 Rac8 21. Rxc8
Rxc8 22. Rc1 Nh7 23. Rc5 b6 24. Rxc8+ Qxc8 25. Bf1 Nf8 26. Qb4 Nd7 27. Qd6 Bf8
28. Qxd5 Bxa3 29. Qxe4 Qc1 30. Kg2 Nf6 31. Qb7 b5 32. axb5 axb5 33. Bxb5 Qb2 34.
Bc4 Qxd4 35. Qxf7+ Kh8 36. Qf8+ Kh7 37. Qf7+ Kh6 38. Qe6 Bc5 39. Qe2 Ng4 40. h3
Nxf2 41. f5 gxf5 42. Bf7 Qe4+ 43. Qxe4 Nxe4 44. Kf3 Nd6 45. Be6 Kg5 46. g4 fxg4+
47. hxg4 h4 48. Kg2 Kf4 49. Bd5 Kxg4 50. Be6+ Kg5 51. Kh3 Nb5 52. Bd7 Nd4 53.
Ba4 Ne2 54. Kg2 Nf4+ 55. Kh1 h3 56. Bc6 Kg4 57. Bd7+ Kg3 58. Bc6 h2 59. b4 Bxb4
60. Be4 Nh3 61. Bg2 Nf2# 0-1

[Event "Women's Speed Chess Q2"]
[Site "chess.com INT"]
[Date "2020.06.19"]
[Round "10"]
[White "Andriasyan, Siranush"]
[Black "Vifleemskaia, Svetlana"]
[Result "0-1"]
[WhiteTitle "WIM"]
[BlackTitle "WFM"]
[WhiteElo "2298"]
[BlackElo "1943"]
[WhiteFideId "13301926"]
[BlackFideId "4129490"]
[EventDate "2020.06.19"]

1. e4 e5 2. Nf3 Nc6 3. Bc4 Nf6 4. O-O Nxe4 5. d4 d5 6. Bb5 exd4 7. Nxd4 Bd7 8.
Bxc6 bxc6 9. Re1 Be7 10. Nd2 Nxd2 11. Bxd2 O-O 12. Qh5 Bf6 13. c3 g6 14. Qf3 Bg7
15. Bf4 c5 16. Nb3 c4 17. Nd4 c5 18. Nc2 Bf5 19. Ne3 Be4 20. Qg3 Qb6 21. Nxc4
dxc4 22. Rxe4 Qxb2 23. Rc1 Rfd8 24. h3 Qxa2 25. Be5 Qd2 26. Rce1 Qd5 27. Bxg7
Kxg7 28. Re7 a5 29. R1e5 Qd1+ 30. Kh2 Qd6 31. Qf4 Qf6 32. Qxc4 a4 33. Qxc5 Rdc8
34. Qa3 Qf4+ 35. Kg1 Rd8 36. Re1 Rd2 37. R7e2 Rxe2 38. Rxe2 Rd8 39. Re1 Rd2 40.
Qc5 h5 41. g3 Qd6 42. Qxd6 Rxd6 43. Ra1 Ra6 44. Ra3 Kf6 45. Kg2 Ke5 46. Kf3 Kd5
47. Ke3 Kc4 48. f4 f5 49. Kf3 Kb5 50. g4 hxg4+ 51. hxg4 Rd6 52. Ke3 Re6+ 53. Kd4
fxg4 54. Ra1 Rd6+ 55. Ke5 Rd3 0-1